| 000 | 00938nam a2200241 4500 | ||
|---|---|---|---|
| 001 | 39203 | ||
| 003 | BD-RjUL | ||
| 005 | 20211209052936.0 | ||
| 008 | 160405s1998 bg a|||e |||| 00| 0 ben d | ||
| 020 |
_a9840738100: _cTK. 65.00 |
||
| 035 | _a(BD-RjUL)39315 | ||
| 040 |
_aBD-RjUL _bben _cBD-RjUL |
||
| 041 | _aben | ||
| 082 |
_223 _a398.2095492 _bLOK 1998 |
||
| 245 | 0 | 0 |
_aলোকউৎসবে ঐতিহ্যচেতনা / _cশাহিদা খাতুন, সম্পাদক |
| 260 |
_aঢাকা : _bবাংলা একাডেমী, _c১৯৯৮ |
||
| 300 |
_a[১৩], ১০৪ পৃ. : _bচিত্র ; _c২২ সেমি. |
||
| 490 |
_aবাএ : _v৩৮০১ |
||
| 650 |
_aলোকসাহিত্য _zবাংলাদেশ _9120908 |
||
| 650 |
_aFolk Literature _zBangladesh _9120909 |
||
| 700 |
_aখাতুন, শাহিদা, সম্পাদক _9120910 |
||
| 942 |
_2ddc _cBK _01 |
||
| 999 |
_c39203 _d39203 |
||